37 Years NEETजीव विज्ञान चैप्टरवईज साल्व्ड पेपर्स (Record no. 67058)
[ view plain ]
| 000 -LEADER | |
|---|---|
| fixed length control field | 00551nam a22001577a 4500 |
| 003 - CONTROL NUMBER IDENTIFIER | |
| control field | macl |
| 005 - DATE AND TIME OF LATEST TRANSACTION | |
| control field | 20241018152852.0 |
| 008 - FIXED-LENGTH DATA ELEMENTS--GENERAL INFORMATION | |
| fixed length control field | 241018b |||||||| |||| 00| 0 eng d |
| 040 ## - CATALOGING SOURCE | |
| Transcribing agency | macl |
| 082 ## - DEWEY DECIMAL CLASSIFICATION NUMBER | |
| Classification number | 570 |
| 100 ## - MAIN ENTRY--PERSONAL NAME | |
| Personal name | शर्मा अर्चना |
| 9 (RLIN) | 48251 |
| 245 ## - TITLE STATEMENT | |
| Title | 37 Years NEETजीव विज्ञान चैप्टरवईज साल्व्ड पेपर्स |
| 260 ## - PUBLICATION, DISTRIBUTION, ETC. (IMPRINT) | |
| Place of publication, distribution, etc. | नई दिल्ली |
| Name of publisher, distributor, etc. | अरिहंत पब्लिकैशन |
| Date of publication, distribution, etc. | 2024 |
| 650 ## - SUBJECT ADDED ENTRY--TOPICAL TERM | |
| Topical term or geographic name as entry element | comption book |
| 9 (RLIN) | 82517 |
| 942 ## - ADDED ENTRY ELEMENTS (KOHA) | |
| Source of classification or shelving scheme | |
| Koha item type | Competitive Books |
| Withdrawn status | Lost status | Source of classification or shelving scheme | Damaged status | Not for loan | Home library | Current library | Date acquired | Cost, normal purchase price | Total Checkouts | Full call number | Barcode | Checked out | Date last seen | Date last checked out | Price effective from | Koha item type |
|---|---|---|---|---|---|---|---|---|---|---|---|---|---|---|---|---|
| MACL | MACL | 18/10/2024 | 345.00 | 12 | 570 | DPI002323 | 17/04/2026 | 01/04/2026 | 01/04/2026 | 18/10/2024 | Competitive Books |









